000 00758cam a22002417a 4500
003 MX-MxUPN
005 20240529063622.0
008 230619s2018 mx| |||| |||| 000 0 spa d
020 _a978970076536
040 _aMX-MxUPN
_bspa
050 _aPQ4318
_bM66 2018
100 0 _aDante Alighieri,
_d1265-1321
_928064
245 _aLa divina comedia y la vida nueva
250 _aTrigesimoquinta edición
260 _aMéxico :
_bPorrúa,
_c2018
300 _a394 páginas
490 _aSepan cuantos ;
_v15
500 _aReposición.
650 4 _aPoesía italiana
_ySiglo XIV
_91266
700 1 _929641
_aMontes de Oca, Francisco,
_d1837-1885
_eintroducción
_ecomentario
902 _aMarisolLicea/190623
_bVíctorGodínez/060224
942 _2lcc
_cLIBRO
999 _c209839
_d209839